01009nam a2200265 a 4500003000900000005001700009007000300026008004100029040003000070082001900100110011000119245005400229264010300283300002700386336002700413337003300440338002800473590002700501650002600528650002400554910001400578942001300592952012100605999001700726DO-SdBNP20240417195416.0ta090623s1982 dr 000 0 spa d aDO-SdBNPbspacBNPHUerda axxxxbxxxx2221 aRepública Dominicana978637bComisión Encargada de la Celebración del Día de los Derechos Humanos01aDeclaración Universal de los Derechos Humanos / aSanto Domingo;bComisión Encargada de la Celebración del Día de los Derechos Humanos,c1982. a[12] páginasc21 cm. 2rdacontentatextobtxt 2rdamediaasin mediaciónbn 2rdacarrieravolumenbnc aInventariado, 2023/ YL 0aDerechos humanos9658 0aDerecho civil95702 aYLockward 2ddccLF2 00102ddc51708DS-FaBNPHUbBNPHUcCTd2022-05-19eUri Rivasl0oxxxx xxxxp2023-5475r2023-08-24w2023-08-24yLF2 c54506d54506